Environmetal Biology /

Uloženo v:
Podrobná bibliografie
Hlavní autor: Mukherjee, Biswarup
Médium: Sách giấy
Jazyk:English
Vydáno: Tiền Giang : Sở Văn hoá và Thông tin , 1996
Tagy: Přidat tag
Žádné tagy, Buďte první, kdo otaguje tento záznam!
Thư viện lưu trữ: Thư viện Trường Đại học Đà Lạt
LEADER 00551nam a2200229 4500
001 DLU020010107
005 ##11/12/1999
041 # # |a eng 
082 # # |a 577  |b MU-B 
100 # # |a Mukherjee, Biswarup 
245 # # |a Environmetal Biology /  |c Mukherjee Biswarup 
260 # # |a Tiền Giang :  |b Sở Văn hoá và Thông tin ,  |c 1996 
300 # # |a X, 691 tr.;   |c 25 cm. 
992 # # |a 273273 
994 # # |a DLU 
900 # # |a False 
911 # # |a Administrator 
925 # # |a G 
926 # # |a A 
927 # # |a SH 
980 # # |a Thư viện Trường Đại học Đà Lạt